000
00315nam a2200121Ia 4500
005
20251222154313.0
008
251222s9999||||xx |||||||||||||| ||spa||
020
_a
84-7738-139-9
082
_a
571.4/C79
100
_a
"Córdova, Carlos VicenteLegaz González, María Estrella"
245
0
_a
Biofísica
942
_c
LIB
999
_c
33457
_d
33457